Statistics for Top 20 Fast-Food Franchises of 2016

Click here to take the quiz!

General Stats

  • This quiz has been taken 132 times
  • The average score is 9 of 20

Answer Stats

HintAnswer% Correct
HamburgersMcDonald's
91%
SandwichSubway
89%
PizzaPizza Hut
80%
ChickenKFC
79%
MexicanTaco Bell
69%
DoughnutsDunkin' Donuts
67%
PizzaPapa John's
54%
Ice CreamDairy Queen
51%
Cinnamon RollsCinnabon
49%
Ice CreamBaskin-Robbins
47%
HamburgersHardees
34%
HamburgersCarls Jr.
34%
HamburgersSonic
31%
PretzelsAuntie Anne's
26%
SandwichJimmy John's
21%
HamburgersJack in the Box
21%
PizzaPapa Murphy's
11%
Ice CreamCold Stone Creamery
8%
SandwichFirehouse Subs
8%
ChickenBuffalo Wild Wings
5%

Score Distribution

Percentile by Number Answered

Percent of People with Each Score

Your Score History

You have not taken this quiz